| 000 | 02522nam a2200493 i 4500 | ||
|---|---|---|---|
| 003 | EG-ScBUE | ||
| 005 | 20230605141813.0 | ||
| 008 | 200219s2018 ii a f b 001 0 eng d | ||
| 020 | _a9789386418333 | ||
| 040 |
_aEG-ScBUE _beng _erda _cEG-ScBUE _dEG-ScBUE |
||
| 082 | 0 | 4 |
_a615.321 _222 _bKAR |
| 100 | 1 |
_aKar, Ashutosh, _eauthor. |
|
| 245 | 1 | 0 |
_aPharmacognosy and pharmacobiotechnology / _cAshutosh Kar. |
| 250 | _aThird edition. | ||
| 264 | 1 |
_aNew Delhi : _bNew Age International Limited, _c2018. |
|
| 300 |
_axxi, 830 pages : _billustrations ; _c25 cm. |
||
| 336 |
_2rdacontent _atext _btxt |
||
| 337 |
_2rdamedia _aunmediated _bn |
||
| 338 |
_2rdacarrier _avolume _bnc |
||
| 490 | 0 | _aNew age | |
| 504 | _aIncludes bibliographical references and index. | ||
| 650 | 7 |
_aPharmacognosy. _2BUEsh |
|
| 650 | 7 |
_aTechnology, Pharmaceutical. _2BUEsh |
|
| 650 | 7 |
_aBiotechnology. _2BUEsh |
|
| 653 |
_bPPhrm _cJune2023 |
||
| 655 | _vReading book | ||
| 856 | 4 | 0 |
_aSOUTHEAST _uhttps://BZ6FJ9FL8E.search.serialssolutions.com/ejp/?libHash=BZ6FJ9FL8E#/search/?searchControl=title&searchType=title_code&criteria=TC0000673594 |
| 856 | 4 | 0 |
_aBLOOMINGTON _uhttps://KG6EK7CQ2B.search.serialssolutions.com/ejp/?libHash=KG6EK7CQ2B#/search/?searchControl=title&searchType=title_code&criteria=TC0000673594 |
| 856 | 4 | 0 |
_aEAST _uhttps://MN3KU4AR6Y.search.serialssolutions.com/ejp/?libHash=MN3KU4AR6Y#/search/?searchControl=title&searchType=title_code&criteria=TC0000673594 |
| 856 | 4 | 0 |
_aNORTHWEST _uhttps://PS6EE4GK2T.search.serialssolutions.com/ejp/?libHash=PS6EE4GK2T#/search/?searchControl=title&searchType=title_code&criteria=TC0000673594 |
| 856 | 4 | 0 |
_aIUPUI _uhttps://RX8KL6YF4X.search.serialssolutions.com/ejp/?libHash=RX8KL6YF4X#/search/?searchControl=title&searchType=title_code&criteria=TC0000673594 |
| 856 | 4 | 0 |
_aKOKOMO _uhttps://TE6UZ4HK6Z.search.serialssolutions.com/ejp/?libHash=TE6UZ4HK6Z#/search/?searchControl=title&searchType=title_code&criteria=TC0000673594 |
| 856 | 4 | 0 |
_aSOUTH BEND _uhttps://TT5XG8QF8P.search.serialssolutions.com/ejp/?libHash=TT5XG8QF8P#/search/?searchControl=title&searchType=title_code&criteria=TC0000673594 |
| 856 | 4 | 0 |
_aCOLUMBUS _uhttps://RX8KL6YF4X.search.serialssolutions.com/ejp/?libHash=RX8KL6YF4X#/search/?searchControl=title&searchType=title_code&criteria=TC0000673594 |
| 942 |
_2ddc _cBB |
||
| 949 | _hseasebook | ||
| 949 | _hwellsebook | ||
| 949 | _heaebook | ||
| 949 | _hnwstebook | ||
| 949 | _hulebook | ||
| 949 | _hkokoebook | ||
| 949 | _hsbenebook | ||
| 949 | _hcoebook | ||
| 999 |
_c30453 _d30424 |
||